000 00385 a2200109 4500
001 ART_61494
005 20260410161949.0
008 260409a
245 1 0 _aLa interpretación del derecho pensionario en las uniones convivenciales del mismo sexo
100 1 _aBlanco, Mariela
773 0 _tTemas de derecho laboral
_g- Año 10, N° 10/11 (oct./nov. 2024)
_wREV27619
999 _c30171
_d30171